|
|
|
|
| LEADER |
00000nab a2200000 a 4500 |
| 001 |
vtls000333909 |
| 003 |
SK-MaSNL |
| 005 |
20260304082618.0 |
| 008 |
250424c1988 xo 0 slo |
| 015 |
|
|
|a SNBRB19rr/mm-uuuuu
|
| 035 |
|
|
|a CL0334031
|
| 035 |
|
|
|a urn:nbn:sk:snk-abf1ib
|
| 035 |
|
|
|a (urnnbn)urn:nbn:sk:snk:ar-005f0e
|
| 035 |
|
|
|a (uuid)9a0d6db8-3823-4cfa-bd6a-87ea1a27f16c
|
| 040 |
|
|
|a SNKBUCL
|b slo
|c SNKBUCL
|e AACR2
|
| 041 |
0 |
|
|a slo
|
| 044 |
|
|
|a xo
|c SK
|
| 080 |
|
|
|a 82.0:82-1/-9
|2 1981
|
| 080 |
|
|
|a 82-1/-9
|2 1981
|
| 100 |
1 |
|
|a Pospíšil, Ivo
|4 aut
|9 284585
|
| 245 |
1 |
0 |
|a Genológia
|c Ivo Pospíšil
|
| 500 |
|
|
|a V rubrike Štúdie
|
| 504 |
|
|
|a Lit. 67 zázn. v češ., ruš., angl., nem., franc., poľ., slov.
|
| 546 |
|
|
|a Res. rus.
|
| 650 |
0 |
7 |
|a literárne žánre
|2 snkbucl
|9 58545
|
| 650 |
0 |
7 |
|a genológia
|2 snkbucl
|9 24145
|
| 773 |
0 |
|
|t Slovenská literatúra
|g Roč. 35, č. 4 (1988), s. 298-313
|
| 850 |
|
|
|a Slovenská národná knižnica
|
| 852 |
|
|
|a Slovenská národná knižnica
|
| 954 |
|
|
|a odborná, vedecká literatúra pôvodná (slovenská)
|2 lita
|
| 958 |
|
|
|a article27
|
| 958 |
|
|
|a LX
|
| 958 |
|
|
|a CZ
|
| 958 |
|
|
|a NB
|
| 958 |
|
|
|a OND
|
| 958 |
|
|
|a EUIPO
|
| 999 |
|
|
|c 2797313
|d 2799243
|